Vista normal
Vista MARC
Entrada Subdivisión General
Número de registros utilizados en: 1
001 - CONTROL NUMBER
- control field: 407
003 - CONTROL NUMBER IDENTIFIER
- control field: CO-MdFUSB
005 - DATE AND TIME OF LATEST TRANSACTION
- control field: 20160927085729.0
008 - CAMPO DE LONGITUD FIJA
- fixed length control field: 030325dn dnznnbbba|||||||||| a ana d
180 ## - ENCABEZAMIENTO - SUBDIVISIÓN GENERAL
- Subdivisión general: Vida religiosa
670 ## - FUENTE EN LA QUE SE LOCALIZARON DATOS
- Cita de la fuente: LC auth. en línea (25/03/03)
- Información localizada: Religious life
670 ## - FUENTE EN LA QUE SE LOCALIZARON DATOS
- Cita de la fuente: BNF aut. en línea ( 25/01/05)
- Información localizada: Vie religieuse
670 ## - FUENTE EN LA QUE SE LOCALIZARON DATOS
- Cita de la fuente: BNE aut. en línea (11/01/07)
- Información localizada: Religiosidad
780 #7 - ASIENTO LIGADO AL SUBENCABEZAMIENTO -SUBDIVISION GENERAL
- Subdivisión general: Vie religieuse
- Fuente del encabezamiento o término: [BNF]
780 #7 - ASIENTO LIGADO AL SUBENCABEZAMIENTO -SUBDIVISION GENERAL
- Subdivisión general: Religious life
- Fuente del encabezamiento o término: [LCSH]
